La Cultura de la democracia y los desafíos de la izquierda latinoamericana de hoy /

Uloženo v:
Podrobná bibliografie
Hlavní autor: Soto Rodríguez, José Antonio
Médium: Text
Témata:
Tagy: Přidat tag
Žádné tagy, Buďte první, kdo vytvoří štítek k tomuto záznamu!

MARC

LEADER 00000 a a2200000 04500
001 17316
003
040
100 |a Soto Rodríguez, José Antonio  
245 |a La Cultura de la democracia y los desafíos de la izquierda latinoamericana de hoy /  |c José Antonio Soto Rodríguez 
650 |a DEMOCRACIA  
650 |a HISTORIA  
650 |a IDEOLOGIAS POLITICAS  
650 |a SISTEMAS POLITICOS  
650 |a DISCURSOS  
650 |a SOCIALISMO  
650 |a JUSTICIA SOCIAL  
650 |a RESPONSABILIDAD  
773 |g número 87; páginas 28-42  
999 |c 25132  |d 25132